Movie Titles in Swedish - Statistics

General Stats
  • This quiz has been taken 141 times
  • The average score is 9 of 20
Answer Stats
Swedish English % Correct
Lejonkungen The Lion King
86%
Pippi Långstrump Pippi Longstocking
78%
Elefantmannen The Elephant Man
78%
Djävulen bär Prada The Devil Wears Prada
74%
Sagan om ringen: Härskarringen The Lord of the Rings: The Fellowship of the Ring
73%
12 edsvurna män 12 Angry Men
61%
Rädda menige Ryan Saving Private Ryan
58%
Tillbaka till framtiden Back to the Future
48%
Alla kungens män All the King's Men
39%
Liver är underbart It's a Wonderful Life / Life is Beautiful
35%
När lammen tystnar The Silence of the Lambs
35%
Purpurfärgen The Color Purple
33%
Den siste kejsaren The Last Emperor
30%
I faderns namn In the Name of the Father
29%
Riddarfalken från Malta The Maltese Falcon
25%
På västfronten intet nytt All Quiet on the Western Front
23%
Det sjunde inseglet The Seventh Seal
18%
Extremt högt och otroligt nära Extremely Loud & Incredibly Close
17%
En kvinnas doft Scent of a Woman
14%
Jag minns min gröna dal How Green Was My Valley
7%
No matching quizzes found
Score Distribution
Percent of People with Each Score
Percentile by Number Answered
Your Score History
You have not taken this quiz